000 00593nam a2200205Ia 4500
005 20250923150117.0
008 008 250917s9999 xx 000 0 eng d
037 _aTextual
040 _aDSWL
_beng
_cDSWL
041 _aeng
_2eng
084 _aY15OaW.46, P2
_qDSWL
100 _aAL-Mughni, Haya
_9842353
245 0 _aWomen in kuwait: The politics of gender
_c by Haya AL-Mughni
260 _aLondon
_bSaqi Books Publication
_c2001
300 _a220p.
365 _aINR
_b1357.69
925 _g1357.69
942 _cTEXL
_hY15OaW.46, P2
999 _c1459668
_d1459668